00425cam a22001337a 4500008004000000082001400040245009300054260002900147300001000176650003300186650002500219700002300244700002400267180718b1996 xxu||||| |||| 00| 0 eng d aI552 R752 aOperational research for developmentcedited by Jonathan Rosenhead and Arabinda Tripathy aNew DelhibNew Agec1996 a357p. aEconomic development - India aOperational research aTripathy, Arabinda aRosenhead, Jonathan